History Quiz

Random History or Clip Quiz

History As We Heard It II Quiz Stats

 Plays Quiz Updated Dec 17, 2018

Score 0/24 Timer 12:00
2 Plays Today
Range Event % Correct
0:25-0:35September 11th terror attacks
92.1%
2:43-3:13John F. Kennedy assassination
88.3%
1:24-1:44Pearl Harbor attack
87.9%
2:26-2:43John Lennon murder
82%
5:00-5:19Death of Princess Diana
78.3%
2:19-2:26Watergate break-in
75.3%
3:36-3:53Sputnik launch
70.1%
0:50-1:08D-Day
70%
6:31-6:43Apollo 13
69.5%
0:00-0:25Hindenburg disaster
68.5%
5:58-6:122004 Indian Ocean tsunami
67%
5:19-5:362000 U.S. Presidential election
66.7%
Range Event % Correct
5:36-5:58Operation Desert Storm
59.9%
1:44-2:02Cuban Missile Crisis
59.5%
3:53-4:10Oklahoma City bombing
58.2%
4:46-5:00Space Shuttle Challenger explosion
53.1%
2:02-2:19Chernobyl reactor leak
52.3%
4:10-4:25Munich Olympics massacre
52.2%
6:43-7:00Woodstock Music & Art Fair
50.2%
1:08-1:24Three Mile Island accident
50.1%
4:25-4:46U.S. Air Flight 1549
39.7%
0:35-0:50Mumbai terror attacks
34.5%
6:12-6:31Tiananmen Square massacre
29.8%
3:13-3:36Anwar al Sadat assassination
17.6%

You're not logged in!

Compare scores with friends on all Sporcle quizzes.
OR
Log In

Show Comments

Extras

Top Quizzes Today


Score Distribution

Your Account Isn't Verified!

In order to create a playlist on Sporcle, you need to verify the email address you used during registration. Go to your Sporcle Settings to finish the process.

Report this User

Report this user for behavior that violates our Community Guidelines.

Details: